أصول الفقه / (Record no. 24774)

MARC details
000 -الفاتح
حقل البيانات ثابتة الطول 00723nam a22002295a 4500
003 - محدد رقم الضبط
رقم الضبط OSt
005 - وقت وتاريخ اخر تعامل مع التسجيلة
رقم الضبط 20170504110118.0
008 - عناصر البيانات ثابتة الطول - معلومات عامة
حقل البيانات ثابتة الطول 170112s2015 ua frb 000 0 ara d
015 ## -
-- 2008 / 20165
020 ## - الرقم الدولى المعيارى للكتب
الرقم الدولى المعيارى للكتاب 977102440X
040 ## - مصدر الفهرسة
وكالة الفهرسة الأصلية EG-ScBUE
لغة الفهرسة ara
وكالة النسخ EG-ScBUE
082 04 - رقم تصنيف ديوى العشرى
رقم التصنيف 340.59
رقم المادة أ ب و
رقم الطبعة 22
100 1# - المدخل الرئيسى - إسم شخصى
الإسم الشخصى أبو زهره، محمد.
245 10 - بيان العنوان
العنوان أصول الفقه /
بيان المسئوليه,etc محمد أبو زهرة.
260 ## - PUBLICATION, DISTRIBUTION, ETC. (IMPRINT)
مكان الناشر او الموزع القاهرة :
اسم الناشر او الموزع دار الفكر العربي،
تاريخ النشر أو التوزيع 2015.
300 ## - الوصف المادى
التعداد 368 ص. ؛
أبعاد الوعاء 24 سم.
504 ## - تبصرة ببليوجرافية
تبصرة ببليوجرافية,الخ يشتمل على إرجاعات ببليوجرافية.
650 #7 - المدخل الاضافى بالموضوع-مصطلح موضوعى
مصطلح موضوعي أو اسم جغرافي كعنصر مدخل الفقه الإسلامي.
مصدر الرأس أو المصطلح BUEsh
9 (RLIN) 40834
653 ## - مصطلح تكشيفى غير مقيد
Resource For college Law
Arrived date list May2017
655 ## - مصطلح تكشيفى-نوع/شكل
التقسيم الفرعي الشكلي Text book
-- 33728
942 ## - عناصر المدخل الإضافي( كوها)
مصدر التصنيف او مخطط الترفيف Dewey Decimal Classification
Holdings
حالة التراجع حالة الفقد مصدر التصنيف او خطة الترفيف تحديد مواد ( مجلدات مجمعه أو جزء أخر) حالة تلف ليس للاعارة مجموعات كوها المكان الدائم المكان الحالي موقع الترفيف تاريخ الاكتساب Source of acquisition سعر الشراء الطبيعي تعداد مسلسل / التسلسل الزمني رقم الاستدعاء الباركود Date last seen مُعار التكلفة نوع الوعاء
  Lost Dewey Decimal Classification Lost_In_Inventory_12-2-2024     Scientific_Group Central Library Central Library First floor 04/05/2017 Purchase 75.00 666 340.59 أ ب و 000041781 28/01/2024 01/11/2022 93.75 Book - Borrowing
    Dewey Decimal Classification       Scientific_Group Central Library Central Library First floor 04/05/2017 Purchase 75.00 666 340.59 أ ب و 000041782 07/04/2026 30/03/2026 93.75 Book - Borrowing
  Lost Dewey Decimal Classification Lost_In_Inventory_12-2-2024     Scientific_Group Central Library Central Library First floor 04/05/2017 Purchase 75.00 666 340.59 أ ب و 000041783 24/08/2022 31/03/2022 93.75 Book - Borrowing